000
00308 a2200157 4500
001
58153
020
_a
040
_c
Anchieta - Pituba
100
_a
Fauaze, Rosa
240
1
0
_a
À meia-luz
_l
por
245
1
0
_a
À meia-luz
300
_a
92
362
0
_a
1989
650
4
_a
Poesia brasileira
942
_c
BK
999
_c
58153
_d
58153